ՀՀ Գիտությունների ազգային ակադեմիայի հիմնարար գիտական գրադարան  =   Fundamental Scientific Library of NAS RA

Типоморфные особенности рудных минералов эндогенных образований Якутии : (Record no. 270254)

MARC details
000 -LEADER
fixed length control field 01180nam a2200217 a 4500
001 - CONTROL NUMBER
control field 000730951
003 - CONTROL NUMBER IDENTIFIER
control field AM-YeHGA
005 - DATE AND TIME OF LATEST TRANSACTION
control field 20250617143138.0
008 - FIXED-LENGTH DATA ELEMENTS--GENERAL INFORMATION
fixed length control field 100423s1983 ru r 000 0 rus d
040 ## - CATALOGING SOURCE
Original cataloging agency AM-YeHGA
041 0# - LANGUAGE CODE
Language code of text/sound track or separate title rus
090 ## - LOCALLY ASSIGNED LC-TYPE CALL NUMBER (OCLC); LOCAL CALL NUMBER (RLIN)
-- 271892
245 00 - TITLE STATEMENT
Title Типоморфные особенности рудных минералов эндогенных образований Якутии :
Remainder of title Сборник научных трудов /
Statement of responsibility, etc. АН СССР, Сиб. отд-ние, Якут. фил., Ин-т геологии, Якут. отд-ние Всесоюз. минерал. о-ва; [Редкол.: Б. Л. Флеров (отв. ред.) и др.].
260 ## - PUBLICATION, DISTRIBUTION, ETC.
Place of publication, distribution, etc. Якутск :
Name of publisher, distributor, etc. ЯФ СО АН СССР,
Date of publication, distribution, etc. 1983.
300 ## - PHYSICAL DESCRIPTION
Extent 116, 4 с. :
Other physical details ил. ;
Dimensions 20 см.
504 ## - BIBLIOGRAPHY, ETC. NOTE
Bibliography, etc. note Библиогр. в конце ст.
653 0# - INDEX TERM--UNCONTROLLED
Uncontrolled term Рудные месторождения - Типоморфные свойства - Якут. АССР
700 1# - ADDED ENTRY--PERSONAL NAME
Personal name Флеров, Борис Леонидович
Relator term ред.
Relationship edt
710 2# - ADDED ENTRY--CORPORATE NAME
Corporate name or jurisdiction name as entry element Академия наук СССР.
Subordinate unit Сибирское отделение
710 2# - ADDED ENTRY--CORPORATE NAME
Corporate name or jurisdiction name as entry element Институт геологии АН СССР
Holdings
Withdrawn status Lost status Damaged status Not for loan Collection Home library Current library Date acquired Total checkouts Full call number Barcode Date last seen Price effective from Koha item type Public note
        General Fundamental Scientific Library Fundamental Scientific Library 29/12/2016   PII/541212 FL0155804 29/12/2016 29/12/2016 Գրքեր / Books 30 Days Loan
        General Fundamental Scientific Library Fundamental Scientific Library 29/12/2016   PII/520993 FL0195606 29/12/2016 29/12/2016 Գրքեր / Books 30 Days Loan


ՀՀ ԳԱԱ հիմնարար գիտական գրադարան
ՀՀ,Երևան 0019
Մարշալ Բաղրամյան 24/6
հեռախոս:(374-10) 52-47-50
Հետադարձ կապ

All site content, except where otherwise noted, is licensed under a
Creative Commons License